[Event "Gelfand Challenge 2021"]
[Site "chess24.com INT"]
[Date "2021.06.12"]
[Round "11.3"]
[White "Abdumalik, Zhansaya"]
[Black "Mendonca, Leon Luke"]
[Result "0-1"]
[WhiteTitle "IM"]
[BlackTitle "GM"]
[WhiteElo "2472"]
[BlackElo "2549"]
[WhiteFideId "13703544"]
[BlackFideId "35028561"]
[EventDate "2021.06.10"]

1. e4 c5 2. Nf3 d6 3. d4 cxd4 4. Nxd4 Nf6 5. Nc3 a6 6. g3 g6 7. Bg2 Bg7 8. O-O
O-O 9. h3 Nc6 10. Nxc6 bxc6 11. e5 dxe5 12. Qxd8 Rxd8 13. Bxc6 Bxh3 14. Re1 Rab8
15. Rxe5 Ng4 16. Re1 Ne5 17. Be4 Nc4 18. Nd5 Bxb2 19. Nxe7+ Kg7 20. Bxb2+ Rxb2
21. Bd3 Na3 22. Rac1 Rd6 23. Be4 Be6 24. Red1 Rxd1+ 25. Rxd1 Rxa2 26. c3 a5 27.
Nc6 a4 28. Nb4 Rb2 29. Nd3 Rb1 30. Nc1 Ra1 31. Bc6 Nc4 32. Kf1 a3 33. Ke2 a2 34.
Nb3 Rxd1 35. Kxd1 Ne3+ 0-1

[Event "Gelfand Challenge 2021"]
[Site "chess24.com INT"]
[Date "2021.06.12"]
[Round "11.4"]
[White "Shuvalova, Polina"]
[Black "Zhu, Jiner"]
[Result "1-0"]
[WhiteTitle "IM"]
[BlackTitle "WGM"]
[WhiteElo "2489"]
[BlackElo "2462"]
[WhiteFideId "24171760"]
[BlackFideId "8608059"]
[EventDate "2021.06.10"]

1. e4 c5 2. Nf3 d6 3. d4 cxd4 4. Nxd4 Nf6 5. Nc3 a6 6. Bd3 e6 7. f4 Nc6 8. Nxc6
bxc6 9. O-O Be7 10. Qf3 O-O 11. Kh1 d5 12. Bd2 Rb8 13. b3 Bb7 14. Rae1 dxe4 15.
Nxe4 c5 16. Nxf6+ Bxf6 17. Qh5 g6 18. Qxc5 Bd4 19. Qg5 Qd7 20. f5 exf5 21. Bxf5
Qb5 22. Bd3 Qb6 23. Bc4 Rbc8 24. Re7 Rxc4 25. bxc4 Bc8 26. Be3 Be6 27. c5 Qb5
28. Rg1 Bg7 29. Rc7 Qc4 30. Bf4 Qc3 31. Bd6 Re8 32. Re7 Rc8 33. Rc7 Re8 34. Qf4
Bd4 35. Rf1 Bf5 36. Re7 Rxe7 37. Bxe7 Be5 38. Qf3 Qxc2 39. Qa8+ 1-0

[Event "Gelfand Challenge 2021"]
[Site "chess24.com INT"]
[Date "2021.06.12"]
[Round "11.5"]
[White "Mammadzada, Gunay"]
[Black "Nihal, Sarin"]
[Result "0-1"]
[WhiteTitle "IM"]
[BlackTitle "GM"]
[WhiteElo "2443"]
[BlackElo "2620"]
[WhiteFideId "13403729"]
[BlackFideId "25092340"]
[EventDate "2021.06.10"]

1. e4 g6 2. d4 Bg7 3. Nc3 c6 4. f4 d5 5. e5 h5 6. Nf3 Bg4 7. Be3 Nh6 8. h3 Nf5
9. Bf2 Bxf3 10. Qxf3 h4 11. Bd3 e6 12. O-O Nd7 13. Kh2 Bf8 14. Ne2 Be7 15. Qg4
Kf8 16. b3 a5 17. a4 Qb6 18. Ng1 Rc8 19. Bxf5 exf5 20. Qe2 Kg7 21. e6 Nf6 22.
exf7 Ne4 23. Nf3 Kxf7 24. Qe1 Qc7 25. Bxh4 Qxf4+ 26. Bg3 Qxg3+ 27. Qxg3 Nxg3 28.
Kxg3 Kf6 29. Rae1 Rce8 30. Kf2 Bb4 31. Re3 Re4 32. Rd1 Rhe8 33. Rxe4 dxe4 34.
Ne5 f4 35. c4 Kf5 36. Ke2 Rd8 37. Nf7 Rd7 38. Ne5 Rh7 39. c5 Bxc5 40. dxc5 Kxe5
41. Rd8 f3+ 42. gxf3 exf3+ 43. Kf2 Rxh3 44. Rd7 Ke4 45. Re7+ Kf4 46. Rf7+ Kg4
47. Rxb7 Rh2+ 48. Ke3 Re2+ 49. Kd3 Re5 50. Rg7 g5 51. Rf7 Kg3 52. Kd4 Rd5+ 53.
Kc4 f2 54. b4 axb4 55. a5 Kg2 0-1

[Event "Gelfand Challenge 2021"]
[Site "chess24.com INT"]
[Date "2021.06.12"]
[Round "11.6"]
[White "Saduakassova, Dinara"]
[Black "Yip, Carissa"]
[Result "1-0"]
[WhiteTitle "IM"]
[BlackTitle "IM"]
[WhiteElo "2500"]
[BlackElo "2430"]
[WhiteFideId "13700090"]
[BlackFideId "2090732"]
[EventDate "2021.06.10"]

1. d4 g6 2. e4 Bg7 3. Nc3 d6 4. Be3 c6 5. Qd2 Nd7 6. Nf3 b5 7. Bd3 Nb6 8. h4 h6
9. e5 b4 10. Ne4 Nd5 11. exd6 exd6 12. Bf4 Nxf4 13. Qxf4 Bf8 14. O-O Be6 15.
Rfe1 Qd7 16. Nf6+ Nxf6 17. Qxf6 Rg8 18. d5 cxd5 19. Bb5 Qxb5 20. Rxe6+ fxe6 21.
Qxe6+ Kd8 22. Qxg8 Kc7 23. Nd4 Qe8 24. Qxd5 Rb8 25. Ne6+ Kd7 26. Re1 Qc8 27. Nd4 1-0

[Event "Gelfand Challenge 2021"]
[Site "chess24.com INT"]
[Date "2021.06.12"]
[Round "11.7"]
[White "Yoo, Christopher Woojin"]
[Black "Abdusattorov, Nodirbek"]
[Result "1-0"]
[WhiteTitle "IM"]
[BlackTitle "GM"]
[WhiteElo "2457"]
[BlackElo "2634"]
[WhiteFideId "30909694"]
[BlackFideId "14204118"]
[EventDate "2021.06.10"]

1. e4 c6 2. d4 d5 3. exd5 cxd5 4. c4 Nf6 5. Nc3 e6 6. Nf3 Bb4 7. cxd5 Nxd5 8.
Bd2 Nc6 9. Bd3 O-O 10. O-O Be7 11. Nxd5 exd5 12. h3 Bf6 13. Bc3 Qb6 14. Qd2 Bd7
15. Qf4 Rfe8 16. a3 Ne7 17. Ne5 Bb5 18. Bxb5 Qxb5 19. Ng4 Qc6 20. Rac1 Ng6 21.
Qf5 Qe6 22. Qf3 Bg5 23. Rce1 Qd7 24. Ne5 Nxe5 25. dxe5 Rad8 26. Rd1 Qc6 27. Rd3
Rd7 28. Qg4 Bh6 29. Rfd1 g6 30. Qf3 Red8 31. Bb4 Bg7 32. Bd6 f6 33. Rc3 Qb6 34.
Qxd5+ Kh8 35. Rb3 Qa6 36. f4 fxe5 37. fxe5 Bf8 38. Rbd3 Qb6+ 39. Qd4 Qxd4+ 40.
Rxd4 Kg8 41. Kf2 Kf7 42. Ke3 Bg7 43. Bc5 Rxd4 44. Rxd4 Rc8 45. Rd7+ Ke6 46. Re7+
Kd5 47. Rxg7 Rxc5 48. Rxb7 Rc2 49. Kf3 a6 50. Rxh7 Rxb2 51. Rg7 Kxe5 52. Rxg6
Rb3+ 53. Kg4 Rxa3 54. h4 a5 55. h5 Ra2 56. g3 a4 57. h6 Rh2 58. Kg5 a3 59. Ra6
a2 60. g4 Kd4 61. Kg6 Kc4 62. h7 Kb3 63. Kg7 Rg2 64. h8=Q 1-0

[Event "Gelfand Challenge 2021"]
[Site "chess24.com INT"]
[Date "2021.06.12"]
[Round "11.8"]
[White "Gukesh, D"]
[Black "Murzin, Volodar"]
[Result "0-1"]
[WhiteTitle "GM"]
[BlackTitle "IM"]
[WhiteElo "2578"]
[BlackElo "2502"]
[WhiteFideId "46616543"]
[BlackFideId "44155573"]
[EventDate "2021.06.10"]

1. Nf3 Nf6 2. d4 g6 3. c4 Bg7 4. g3 O-O 5. Bg2 d6 6. O-O Nbd7 7. Nc3 e5 8. e4 a6
9. h3 b5 10. dxe5 Nxe5 11. Nxe5 dxe5 12. Qe2 c6 13. Rd1 Qa5 14. Bd2 b4 15. Nb1
Rd8 16. Be3 Rxd1+ 17. Qxd1 Be6 18. Nd2 Nd7 19. Qc2 Bf8 20. Bf1 Qc7 21. c5 a5 22.
a4 bxa3 23. Rxa3 Rb8 24. Qc3 Rb4 25. Kh2 Be7 26. Kg2 Nf6 27. f3 Nd7 28. b3 h5
29. h4 Kg7 30. Ra4 Rxa4 31. bxa4 Qa7 32. Bc4 Bxc5 33. Bxe6 fxe6 34. Bg5 Qb6 35.
Nc4 Qb4 36. Qd3 Bd4 37. f4 Nc5 38. Qe2 Nxe4 39. Qxe4 Qxc4 40. fxe5 Qd5 41. Bf6+
Kf7 42. Kf3 c5 43. Kf4 c4 44. Qxd5 exd5 45. e6+ Kxf6 0-1

[Event "Gelfand Challenge 2021"]
[Site "chess24.com INT"]
[Date "2021.06.12"]
[Round "11.9"]
[White "Badelka, Olga"]
[Black "Khademalsharieh, Sarasadat"]
[Result "1/2-1/2"]
[WhiteTitle "IM"]
[BlackTitle "IM"]
[WhiteElo "2418"]
[BlackElo "2494"]
[WhiteFideId "13509926"]
[BlackFideId "12512214"]
[EventDate "2021.06.10"]

1. d4 Nf6 2. c4 e6 3. Nf3 b6 4. g3 Bb4+ 5. Nbd2 Bb7 6. Bg2 O-O 7. O-O d5 8. b3
dxc4 9. bxc4 c5 10. dxc5 Bxc5 11. Nb3 Be7 12. Bb2 Nbd7 13. Rc1 Rc8 14. Qd2 Qc7
15. Rfd1 Rfd8 16. Qe3 Ng4 17. Qf4 Qxf4 18. gxf4 Nc5 19. h3 Nf6 20. Ne5 Bxg2 21.
Kxg2 Nfd7 22. Kf3 Nxe5+ 23. Bxe5 f6 24. Bd4 Na4 25. Be3 Rxd1 26. Rxd1 Rc7 27.
Nd4 Rd7 28. Rc1 Kf7 29. Nb3 Rc7 30. Nd4 Bc5 31. Nb5 Rd7 32. Nc3 Bxe3 33. Kxe3
Nxc3 34. Rxc3 Rc7 35. Kd4 Kg6 36. e4 Kh5 37. e5 Kg6 38. Ke4 Rc5 39. Rg3+ Kf7 40.
Kd4 Ra5 41. a3 Ra4 42. Rb3 h5 43. h4 Ra5 44. Rd3 Kg6 45. Rg3+ Kh6 46. Rd3 Rc5
47. Rg3 Rc7 48. Rb3 Kg6 49. exf6 gxf6 50. Rb5 Rc6 51. a4 a6 52. Rb1 Kf5 53. a5
bxa5 54. Ra1 Kxf4 55. Rxa5 e5+ 56. Kd5 Rc8 57. c5 Kf3 58. Ra2 e4 59. c6 f5 60.
Kd6 f4 61. Kd7 Rg8 62. c7 e3 63. fxe3 fxe3 64. Rxa6 e2 65. Rf6+ Kg3 66. Re6 Kf2
67. Rf6+ Ke3 68. Re6+ Kd3 69. c8=Q Rxc8 70. Kxc8 Kd2 71. Kd7 e1=Q 72. Rxe1 Kxe1
73. Ke6 Kf2 74. Kf5 Ke3 75. Kg5 Ke4 76. Kxh5 Kf5 77. Kh6 Kf6 78. h5 Kf7 79. Kh7
Kf8 80. h6 Kf7 81. Kh8 Kf8 82. h7 Kf7 1/2-1/2

[Event "Gelfand Challenge 2021"]
[Site "chess24.com INT"]
[Date "2021.06.12"]
[Round "11.10"]
[White "Salimova, Nurgyul"]
[Black "Liang, Awonder"]
[Result "0-1"]
[WhiteTitle "IM"]
[BlackTitle "GM"]
[WhiteElo "2395"]
[BlackElo "2592"]
[WhiteFideId "2915138"]
[BlackFideId "2056437"]
[EventDate "2021.06.10"]

1. d4 Nf6 2. Nf3 g6 3. Nbd2 Bg7 4. e4 O-O 5. Bd3 d6 6. O-O c5 7. c3 cxd4 8. cxd4
Nc6 9. Re1 Nd7 10. Nb3 a5 11. a4 Nf6 12. Bd2 d5 13. e5 Ne4 14. Bxe4 dxe4 15.
Rxe4 Qd5 16. Rh4 f6 17. exf6 Bxf6 18. Rh6 Bg4 19. h3 Bxf3 20. Qxf3 Qxf3 21. gxf3
Kg7 22. Re1 g5 23. Rxf6 exf6 24. Bc3 Rfe8 25. Rd1 b6 26. Nd2 Ne7 27. d5 Nxd5 28.
Bd4 Kg6 29. Ne4 Rad8 30. Rb1 Re6 31. Kh2 h6 32. h4 f5 33. Nd2 Nf4 34. Nb3 Re2
35. Rc1 Rd6 36. Rc8 Ne6 37. Be3 f4 38. Bc1 Rxf2+ 39. Kg1 Rxf3 40. Nd2 Rg3+ 41.
Kh2 Rxd2+ 42. Bxd2 Nd4 43. Rg8+ Kh5 0-1

[Event "Gelfand Challenge 2021"]
[Site "chess24.com INT"]
[Date "2021.06.12"]
[Round "12.1"]
[White "Keymer, Vincent"]
[Black "Liang, Awonder"]
[Result "1-0"]
[WhiteTitle "GM"]
[BlackTitle "GM"]
[WhiteElo "2591"]
[BlackElo "2592"]
[WhiteFideId "12940690"]
[BlackFideId "2056437"]
[EventDate "2021.06.10"]

1. d4 Nf6 2. c4 e6 3. Nf3 b6 4. g3 Bb7 5. Bg2 Be7 6. O-O O-O 7. Nc3 Ne4 8. Bd2
d6 9. Qc2 Nxd2 10. Nxd2 c6 11. b4 Nd7 12. Rab1 Rc8 13. e3 Qc7 14. Rfc1 Qb8 15.
a4 Rfe8 16. a5 Qc7 17. Qa4 Bf8 18. a6 Ba8 19. b5 c5 20. d5 exd5 21. Nxd5 Bxd5
22. Bxd5 Nf6 23. Bc6 Re5 24. Qc2 Rd8 25. Rd1 Qc8 26. h4 g6 27. Kg2 Ng4 28. Bf3
h5 29. Ne4 Qf5 30. Rbc1 d5 31. Nc3 d4 32. Nd5 Qe6 33. exd4 cxd4 34. Rxd4 Bc5 35.
Rd2 Nf6 36. Nf4 Rxd2 37. Qxd2 Qf5 38. Qd3 Ne4 39. Re1 Nxf2 40. Qxf5 Rxf5 41.
Re8+ Kg7 42. Ra8 Re5 43. Rxa7 Re1 44. Rc7 Ng4 45. Rxc5 1-0

[Event "Gelfand Challenge 2021"]
[Site "chess24.com INT"]
[Date "2021.06.12"]
[Round "12.2"]
[White "Khademalsharieh, Sarasadat"]
[Black "Salimova, Nurgyul"]
[Result "1-0"]
[WhiteTitle "IM"]
[BlackTitle "IM"]
[WhiteElo "2494"]
[BlackElo "2395"]
[WhiteFideId "12512214"]
[BlackFideId "2915138"]
[EventDate "2021.06.10"]

1. Nf3 d5 2. e3 Nf6 3. c4 e6 4. b3 Bd6 5. Bb2 O-O 6. Nc3 c6 7. d4 Nbd7 8. Bd3
Qe7 9. O-O b6 10. e4 dxe4 11. Nxe4 Nxe4 12. Bxe4 Bb7 13. Ne5 Bxe5 14. dxe5 Nc5
15. Bc2 Rfd8 16. Qh5 h6 17. Bc1 Nd3 18. Be3 Nb4 19. Bb1 c5 20. a3 Nd3 21. Ra2
Rd7 22. Rd2 Rad8 23. Rfd1 g6 24. Qxh6 Nxe5 25. h3 Rxd2 26. Rxd2 Rxd2 27. Bxd2
Qd8 28. Bc2 Nd7 29. Bxg6 fxg6 30. Qxg6+ Kh8 31. Qh6+ Kg8 32. Qxe6+ Kh8 33. Bc3+
Kh7 34. Qf7+ Kh6 35. Bd2+ 1-0

[Event "Gelfand Challenge 2021"]
[Site "chess24.com INT"]
[Date "2021.06.12"]
[Round "12.3"]
[White "Murzin, Volodar"]
[Black "Badelka, Olga"]
[Result "1-0"]
[WhiteTitle "IM"]
[BlackTitle "IM"]
[WhiteElo "2502"]
[BlackElo "2418"]
[WhiteFideId "44155573"]
[BlackFideId "13509926"]
[EventDate "2021.06.10"]

1. e4 c5 2. Nc3 Nc6 3. Nge2 d6 4. g3 e5 5. Bg2 g6 6. O-O Bg7 7. d3 Nge7 8. f4
O-O 9. Be3 Nd4 10. Qd2 Bg4 11. Rae1 Rb8 12. h3 Be6 13. Bf2 b5 14. Nxd4 cxd4 15.
Ne2 f5 16. exf5 Bxf5 17. g4 Bd7 18. Bh4 Qe8 19. Nxd4 Nc6 20. Nf3 Rxf4 21. Ng5
Rxf1+ 22. Rxf1 Ne7 23. Nf7 Nc8 24. Qa5 Be6 25. Nd8 Nb6 26. Nxe6 Qxe6 27. Qxa7
Nd7 28. Bc6 Rf8 29. Qxd7 Rxf1+ 30. Kxf1 Qxa2 31. Kg2 h6 32. Qe8+ Kh7 33. Be4 1-0

[Event "Gelfand Challenge 2021"]
[Site "chess24.com INT"]
[Date "2021.06.12"]
[Round "12.4"]
[White "Abdusattorov, Nodirbek"]
[Black "Gukesh, D"]
[Result "0-1"]
[WhiteTitle "GM"]
[BlackTitle "GM"]
[WhiteElo "2634"]
[BlackElo "2578"]
[WhiteFideId "14204118"]
[BlackFideId "46616543"]
[EventDate "2021.06.10"]

1. e4 e5 2. Nf3 Nc6 3. Bc4 Bc5 4. c3 Nf6 5. d4 exd4 6. e5 d5 7. Bb5 Ne4 8. cxd4
Bb6 9. Nc3 O-O 10. Be3 Bg4 11. h3 Bh5 12. Qc2 Nxc3 13. bxc3 f6 14. exf6 Qxf6 15.
Be2 Ne7 16. Ne5 Bxe2 17. Qxe2 Qe6 18. O-O Nf5 19. a4 c6 20. Rab1 Rab8 21. g4 Nd6
22. f4 Ne4 23. Qd3 Bc7 24. f5 Qe7 25. Bf4 Rfe8 26. Rbe1 Kh8 27. g5 Rf8 28. Rxe4
dxe4 29. Qxe4 Rbe8 30. Re1 Bxe5 31. dxe5 Qf7 32. f6 gxf6 33. gxf6 Qh5 34. e6
Rxf6 35. e7 Qg6+ 36. Qxg6 Rxg6+ 37. Kf2 Kg8 38. Bc7 Rf6+ 39. Kg2 Kf7 40. Bd8
Rg8+ 41. Kh1 Ke8 42. Re3 Rf1+ 43. Kh2 Rf2+ 44. Kh1 Rfg2 45. Re1 R2g3 46. Kh2
Rxc3 47. Rf1 Re3 48. a5 Re2+ 49. Kh1 Rxe7 50. Bxe7 Kxe7 51. Rb1 Rb8 52. Rg1 Kf7
53. Rd1 Re8 54. Kg2 Re7 55. Kf3 Ke8 56. Rd6 Rd7 57. Rh6 Kd8 58. h4 Kc7 59. h5 b5
60. axb6+ axb6 61. Ke3 b5 62. Rf6 Kb6 63. h6 b4 64. Rf4 Kb5 0-1

[Event "Gelfand Challenge 2021"]
[Site "chess24.com INT"]
[Date "2021.06.12"]
[Round "12.5"]
[White "Yip, Carissa"]
[Black "Yoo, Christopher Woojin"]
[Result "0-1"]
[WhiteTitle "IM"]
[BlackTitle "IM"]
[WhiteElo "2430"]
[BlackElo "2457"]
[WhiteFideId "2090732"]
[BlackFideId "30909694"]
[EventDate "2021.06.10"]

1. Nf3 c5 2. g3 b6 3. Bg2 Bb7 4. O-O Nf6 5. c4 g6 6. b3 Bg7 7. Bb2 O-O 8. d4
cxd4 9. Bxd4 d6 10. Nbd2 Nbd7 11. Qc2 Qc7 12. Rad1 Nc5 13. e3 Rac8 14. Qb1 Nce4
15. Qa1 Rfd8 16. Rc1 a6 17. Rfd1 Bc6 18. Nxe4 Bxe4 19. Nd2 Bxg2 20. Kxg2 Qb7+
21. Kg1 Rc7 22. Re1 Rdc8 23. e4 e5 24. Bb2 Bh6 25. Rcd1 b5 26. h4 Bxd2 27. Rxd2
Nxe4 28. Rde2 Nc5 29. Qd1 Qf3 30. Qxd6 Nd3 31. Bxe5 Nxe1 32. Rxe1 bxc4 33. Ba1
c3 34. a4 Qc6 35. Qe5 Rb7 36. h5 gxh5 37. Qxh5 Qg6 38. Qd5 Rbc7 39. Qe5 Rc6 40.
Qd4 Rd6 41. Qb4 c2 42. Bb2 Rd1 43. Kg2 Rxe1 44. Qxe1 Qc6+ 0-1

[Event "Gelfand Challenge 2021"]
[Site "chess24.com INT"]
[Date "2021.06.12"]
[Round "12.6"]
[White "Nihal, Sarin"]
[Black "Saduakassova, Dinara"]
[Result "1-0"]
[WhiteTitle "GM"]
[BlackTitle "IM"]
[WhiteElo "2620"]
[BlackElo "2500"]
[WhiteFideId "25092340"]
[BlackFideId "13700090"]
[EventDate "2021.06.10"]

1. b3 e5 2. Bb2 Nc6 3. e3 Nf6 4. Nf3 d6 5. d4 exd4 6. Nxd4 Nxd4 7. Qxd4 Bf5 8.
Bd3 Qd7 9. e4 Bg6 10. Nc3 Be7 11. O-O-O O-O 12. h3 Ne8 13. Nd5 Bd8 14. Qe3 f5
15. e5 Bf7 16. Bc4 Kh8 17. Rhe1 b5 18. e6 Qxe6 19. Qxe6 Bxe6 20. Bxb5 Bf7 21.
Ne7 Rb8 22. Bd3 Bh5 23. f3 Bg6 24. Kb1 a5 25. Nc6 Ra8 26. Nxd8 Rxd8 27. Re7 f4
28. a4 Bxd3 29. Rxd3 Kg8 30. Bc3 Ra8 31. Rd5 c5 32. Rxd6 c4 33. Rdd7 cxb3 34.
Rxg7+ 1-0

[Event "Gelfand Challenge 2021"]
[Site "chess24.com INT"]
[Date "2021.06.12"]
[Round "12.7"]
[White "Zhu, Jiner"]
[Black "Mammadzada, Gunay"]
[Result "1-0"]
[WhiteTitle "WGM"]
[BlackTitle "IM"]
[WhiteElo "2462"]
[BlackElo "2443"]
[WhiteFideId "8608059"]
[BlackFideId "13403729"]
[EventDate "2021.06.10"]

1. e4 c5 2. Nf3 d6 3. Bb5+ Bd7 4. Bxd7+ Nxd7 5. O-O Ngf6 6. Qe2 e6 7. b3 g6 8.
d4 cxd4 9. Nxd4 a6 10. c4 Bg7 11. Rd1 O-O 12. Nc3 Re8 13. Bb2 d5 14. e5 Nh5 15.
Nf3 Qb8 16. cxd5 Nxe5 17. d6 Nxf3+ 18. Qxf3 Rd8 19. Ba3 Nf6 20. Rac1 b5 21. Bc5
b4 22. Ne4 Nd5 23. Rc4 Qb5 24. Bd4 Rac8 25. Bxg7 Kxg7 26. Rcd4 h6 27. Qg3 f5 28.
Qe5+ Kf7 29. Rxd5 Qxd5 30. Qf6+ Kg8 31. Qxg6+ Kf8 32. Qxh6+ Kf7 33. Rxd5 1-0

[Event "Gelfand Challenge 2021"]
[Site "chess24.com INT"]
[Date "2021.06.12"]
[Round "12.8"]
[White "Mendonca, Leon Luke"]
[Black "Shuvalova, Polina"]
[Result "1/2-1/2"]
[WhiteTitle "GM"]
[BlackTitle "IM"]
[WhiteElo "2549"]
[BlackElo "2489"]
[WhiteFideId "35028561"]
[BlackFideId "24171760"]
[EventDate "2021.06.10"]

1. d4 Nf6 2. c4 e6 3. Nf3 d5 4. Nc3 c5 5. cxd5 exd5 6. Bg5 Be6 7. e3 Nc6 8. Be2
c4 9. O-O Be7 10. b3 Qa5 11. Qc2 O-O 12. bxc4 dxc4 13. Bxf6 Bxf6 14. Ne4 Rac8
15. Nd6 Rc7 16. Rab1 Nb4 17. Qc3 Be7 18. Ne4 Bf5 19. Nfd2 b6 20. a3 Nc6 21. Ra1
Be6 22. Rfc1 Rfc8 23. h3 g6 24. Bf1 f5 25. Ng3 Qxc3 26. Rxc3 b5 27. Ne2 a5 28.
Rcc1 Bf7 29. a4 Bb4 30. Nb1 bxa4 31. Nec3 a3 32. Nxa3 Ne7 33. g3 Rb8 34. Na4 c3
35. Nb5 Rc6 36. Naxc3 Rbc8 37. Ne2 Rc2 38. Rxc2 Rxc2 39. Nf4 g5 40. Nd3 Nd5 41.
Ne5 Be6 42. Na3 Rc7 43. Nac4 Nc3 44. Nxa5 f4 45. Nac6 Bd6 46. Ra7 fxe3 47. Ra8+
Kg7 48. fxe3 Ne4 49. Bg2 Nxg3 50. Ra6 Bf5 51. Ra2 h5 52. Nc4 Bb4 53. Nxb4 Rxc4
54. Nd5 Rc1+ 55. Kf2 h4 56. Nb4 Kg6 57. Nc6 Ne4+ 58. Bxe4 Bxe4 59. Ne5+ Kf5 60.
Ra5 Rc2+ 61. Ke1 Rc1+ 62. Kd2 Rc2+ 63. Kd1 Rg2 64. Ng4+ Kg6 65. Ra6+ Kg7 66.
Ra7+ Kg6 67. Ke1 Rg3 68. Ra6+ Kg7 69. Ra7+ Kg6 70. Nf2 Bf5 71. Ra6+ Kh5 72. e4
Bxh3 73. d5 Bg4 74. Ra8 h3 75. Rh8+ Kg6 76. Nxg4 Rxg4 77. Rxh3 Rxe4+ 78. Kf2 Rd4
79. Ra3 Rxd5 80. Kg3 Kf5 81. Ra4 Rd3+ 82. Kg2 Rb3 83. Rc4 Kg6 84. Ra4 Kh5 85.
Rc4 Rb2+ 86. Kg3 Rb3+ 87. Kg2 g4 88. Rc8 Kg5 89. Rg8+ Kf5 90. Rf8+ Kg5 91. Rg8+
Kf5 92. Rf8+ Kg5 93. Rg8+ 1/2-1/2

[Event "Gelfand Challenge 2021"]
[Site "chess24.com INT"]
[Date "2021.06.12"]
[Round "12.9"]
[White "Praggnanandhaa, R"]
[Black "Abdumalik, Zhansaya"]
[Result "0-1"]
[WhiteTitle "GM"]
[BlackTitle "IM"]
[WhiteElo "2608"]
[BlackElo "2472"]
[WhiteFideId "25059530"]
[BlackFideId "13703544"]
[EventDate "2021.06.10"]

1. d4 d5 2. c4 dxc4 3. e4 b5 4. a4 c6 5. axb5 cxb5 6. Nc3 Qb6 7. Nd5 Qb7 8. Bf4
e5 9. Bxe5 Nd7 10. Bg3 Ngf6 11. Nc7+ Kd8 12. f3 Rb8 13. Na6 Ra8 14. Nh3 h6 15.
Qd2 Ne8 16. Nf4 Qc6 17. Nb4 Bxb4 18. Qxb4 Nc7 19. d5 Qb6 20. Bf2 Qf6 21. Ne2 Ne5
22. Nd4 a6 23. Be2 h5 24. b3 h4 25. h3 Rh6 26. bxc4 bxc4 27. Bxc4 a5 28. Qc5 Rg6
29. Rc1 Ne8 30. Bb5 Rxg2 31. Kf1 Rxf2+ 32. Kxf2 Bd7 33. Rhd1 Nd6 34. Bxd7 Nxe4+
35. Ke3 Nxc5 36. Rxc5 Nxd7 37. Rc6 Qe5+ 38. Kf2 Rb8 39. Rc2 Qg3+ 40. Ke2 Ke8 41.
Nc6 Qg2+ 42. Kd3 Rb3+ 0-1

[Event "Gelfand Challenge 2021"]
[Site "chess24.com INT"]
[Date "2021.06.12"]
[Round "12.10"]
[White "Bjerre, Jonas Buhl"]
[Black "Lei, Tingjie"]
[Result "0-1"]
[WhiteTitle "GM"]
[BlackTitle "GM"]
[WhiteElo "2542"]
[BlackElo "2505"]
[WhiteFideId "1444948"]
[BlackFideId "8605114"]
[EventDate "2021.06.10"]

1. e4 e5 2. Nf3 Nc6 3. Bb5 Nf6 4. d3 Bc5 5. c3 O-O 6. O-O d5 7. exd5 Qxd5 8. Bc4
Qd8 9. Nbd2 a5 10. Re1 h6 11. h3 Re8 12. Qe2 a4 13. a3 Bd7 14. Ne4 Nxe4 15. dxe4
Na5 16. Ba2 Ra6 17. Be3 Bxe3 18. Qxe3 Rb6 19. Re2 Be6 20. Qc5 Bxa2 21. Qxa5 Bb3
22. Nxe5 Rbe6 23. Nf3 Rxe4 24. Rd2 Qc8 25. Nd4 b6 26. Qb5 Re1+ 27. Rxe1 Rxe1+
28. Kh2 c5 29. Nf3 Qc7+ 30. g3 Re7 31. Nh4 g6 32. Ng2 Kg7 33. Ne3 Qb7 34. Qe2
Qe4 35. Qg4 Qb1 36. h4 h5 37. Qg5 Re6 38. Qf4 Qe1 39. Rd7 Rf6 40. Qe5 Qxf2+ 41.
Ng2 Be6 42. Rd1 Qxb2 43. Rf1 Bf5 44. Kg1 Qd2 45. Ne3 Qd6 46. Rxf5 Qxe5 47. Rxe5
Rd6 48. Kf2 Rd2+ 49. Kf3 Rd3 50. Re4 b5 51. c4 b4 52. axb4 a3 53. Re7 cxb4 54.
Ra7 b3 55. Rxa3 b2 56. Rxd3 b1=Q 57. Rd2 Qh1+ 58. Kf2 Qc1 59. Rc2 Qa1 60. c5
Qf6+ 61. Kg1 Qf3 62. Nf1 Qe4 63. Rc1 Qd4+ 64. Kh1 Qb2 65. Re1 Qc3 66. Rb1 Qc4
67. Re1 Qd5+ 68. Kg1 Qxc5+ 69. Ne3 f6 70. Kf2 g5 71. hxg5 fxg5 72. Rd1 Kg6 73.
Rd5 Qb4 74. Rd1 Qb2+ 75. Kf1 Qa3 76. Kf2 Qa2+ 77. Kf1 Kf6 78. Re1 Qh2 79. Nd5+
Kf7 80. Re7+ Kf8 81. Re5 Qxg3 82. Rf5+ Kg7 83. Rf2 Qd3+ 0-1

[Event "Gelfand Challenge 2021"]
[Site "chess24.com INT"]
[Date "2021.06.12"]
[Round "13.1"]
[White "Lei, Tingjie"]
[Black "Keymer, Vincent"]
[Result "0-1"]
[WhiteTitle "GM"]
[BlackTitle "GM"]
[WhiteElo "2505"]
[BlackElo "2591"]
[WhiteFideId "8605114"]
[BlackFideId "12940690"]
[EventDate "2021.06.10"]

1. e4 c5 2. Nf3 d6 3. d4 cxd4 4. Nxd4 Nf6 5. Nc3 a6 6. h3 e5 7. Nb3 Be7 8. Be3
h6 9. g3 O-O 10. Bg2 Be6 11. O-O Nbd7 12. a4 Nb6 13. Na5 Qc7 14. Qd2 Rfd8 15.
Nd5 Bxd5 16. exd5 Rdc8 17. Rfc1 Nc4 18. Nxc4 Qxc4 19. a5 Nd7 20. Ra3 Qc7 21. Rc3
Qd8 22. Rb3 Nc5 23. Ra3 Bg5 24. b4 Nd7 25. c4 Rab8 26. h4 Bxe3 27. Qxe3 Nf6 28.
Bh3 Rc7 29. Rd3 Qe7 30. c5 Rd8 31. c6 bxc6 32. dxc6 d5 33. Qb6 d4 34. Bg2 Nd5
35. Bxd5 Rxd5 36. Qxa6 Qxb4 37. Qa8+ Kh7 38. Qe8 Rxa5 39. Qd8 Rxc6 40. Rxc6 Qb1+
41. Kg2 Ra1 42. Rxh6+ gxh6 0-1

[Event "Gelfand Challenge 2021"]
[Site "chess24.com INT"]
[Date "2021.06.12"]
[Round "13.2"]
[White "Abdumalik, Zhansaya"]
[Black "Bjerre, Jonas Buhl"]
[Result "0-1"]
[WhiteTitle "IM"]
[BlackTitle "GM"]
[WhiteElo "2472"]
[BlackElo "2542"]
[WhiteFideId "13703544"]
[BlackFideId "1444948"]
[EventDate "2021.06.10"]

1. e4 c5 2. Nf3 d6 3. d4 cxd4 4. Nxd4 Nf6 5. Nc3 a6 6. g3 e5 7. Nb3 Be7 8. Bg2
O-O 9. O-O b5 10. Be3 Bb7 11. a4 b4 12. Nd5 Nxd5 13. exd5 a5 14. h4 f5 15. f4
Nd7 16. fxe5 Nxe5 17. Nd4 Ng4 18. Bf4 Qb6 19. Kh1 Bf6 20. Nxf5 Nf2+ 21. Rxf2
Qxf2 22. Nxd6 Bxb2 23. Qe1 Qxe1+ 24. Rxe1 Ba6 25. Bh3 h6 26. Re7 Rad8 27. Be6+
Kh7 28. Nf7 Rde8 29. Ra7 Bc8 30. Bd6 Rg8 31. Be7 Bxe6 32. dxe6 Rc8 33. Rxa5 Rxc2
34. Bxb4 Re2 35. e7 Bd4 36. Rf5 Rc8 37. Rf1 Rcc2 0-1